000 01318cam a22002658a 4500
001 15974112
005 20110214091659.0
008 091105s2010 enk 001 0 eng
010 _a 2009047018
020 _a9780273732617 (pbk.)
040 _aDLC
_cDLC
050 0 0 _aHF5438.25
_b.K562 2010
082 0 0 _a658.81
_222
_bKIN
100 1 _aKing, Bruce,
_d1946-
_923277
245 1 0 _aHow to Double your Sales :
_bThe Ultimate Master Class in How to Sell Anything to Anyone /
_cBruce King.
260 _aHarlow, England ;
_aNew York :
_bPearson Longman, 2010
_c2010.
300 _a231 p. :
_bill. ;
_c20 cm.
500 _aIncludes index.
650 0 _aSelling.
_923278
942 _2ddc
_cBB
999 _c15167
_d15167